Normal view
MARC view
- Gershwin George
Entry Personal Name
001 - CONTROL NUMBER
- control field: 19342
003 - CONTROL NUMBER IDENTIFIER
- control field: IT-RoPau
005 - DATE AND TIME OF LATEST TRANSACTION
- control field: 20140407222959.0
008 - FIXED-LENGTH DATA ELEMENTS
- fixed length control field: 140407|| aca||aabn | a|a d
040 ## - CATALOGING SOURCE
- Original cataloging agency: IT-RoPau
- Transcribing agency: IT-RoPau
100 ## - HEADING--PERSONAL NAME
- Personal name: Gershwin George
- Miscellaneous information: Codice autore musica SPICS: 10668
- Relator term: Autore musica
- Name of part/section of a work: Oh, Lady Be Good
670 ## - SOURCE DATA FOUND
- Source citation: Work cat.: (IT-RoPau)100010: AA.VV. 794, King of Swing